000 nam a22 7a 4500
999 _c127190
_d127190
008 171107b xxu||||| |||| 00| 0 eng d
050 _aPL8822.K19
100 _aKasahorow
_921396
245 _aModern Yoruba dictionary
_bYoruba - English English - Yoruba
_c/ Kasahorow
260 _aLondon
_bAmazon
300 _axxi, 71p. ;
_c21cm.
650 _aYoruba language
_xDictionaries - Yoruba
_937431
650 _aEnglish language
_xDictionaries - Yoruba
_937432
942 _2lcc
_cMONOGRAPH